[Event "Tuebingen-ch 55th"]
[Site "Tuebingen"]
[Date "1996.??.??"]
[Round "?"]
[White "Funke, Detlev"]
[Black "Klehr, Winfried"]
[Result "0-1"]
[WhiteElo "2005"]
[BlackElo "1980"]
[PlyCount "70"]
[EventDate "1996.??.??"]
[EventType "swiss"]
[EventRounds "9"]
[EventCountry "GER"]
[SourceTitle "EXT 1999"]
[Source "ChessBase"]
[SourceDate "1998.11.16"]
[SourceVersion "1"]
[SourceVersionDate "1998.11.16"]
[SourceQuality "1"]

1. c4 Nf6 2. g3 g6 3. Bg2 d5 4. Nf3 Bg7 5. 0-0 0-0 6. cxd5 Nxd5 7. d4 Nc6 8. Nc3 Nb6 9. d5 Na5 10. Nd4 e6 11. e4 c6 12. Nde2 exd5 13. exd5 cxd5 14. Nxd5 Bg4 15. f3 Be6 16. Ndc3 Qe7 17. Bf4 Rfd8 18. Qc1 Rac8 19. Rd1 Rxd1+ 20. Qxd1 Nac4 21. Ne4 Nxb2 22. Qd6 Qxd6 23. Nxd6 Rc2 24. Bf1 Bd5 25. Rc1 Rc6 26. Rxc6 bxc6 27. Ne8 Bh8 28. Bb8 a5 29. Ba7 N6c4 30. Bg2 a4 31. f4 Kf8 32. Nd6 Ke7 33. Nxc4 Nxc4 34. Nc1 Bd4+ 35. Kh1 Be3 0-1